000 00309nam a2200121Ia 4500
008 240731s9999 xx 000 0 und d
022 _a2230-4096
245 0 _aReports in Electrochemistry
260 _bDove Medical Press
856 _uhttps://www.tandfonline.com/loi/drel20
942 _2ddc
942 _cTFEJ
999 _c79172
_d79172
945 _a1
_bMadushi Gamage
_c1
_dMadushi Gamage